El Último Stanislavsky : análisis activo de la obra y el papel / María Knébel ; [traducción del ruso de Jorge Saura] análisis activo de la obra y el papel / María Knébel ; [traducción del ruso de Jorge Saura]
ISBN:
84-245-0733-9
Descripción Física:
176 p. ; 19 cm
Colección:
Arte (Fundamentos). Teatro ; 112
MARC
| LEADER | 00000nam a2200000Ia 4500 | ||
|---|---|---|---|
| 001 | 17034 | ||
| 008 | 160829s1996 xx 000 0 cat d | ||
| 020 | |a 84-245-0733-9 | ||
| 080 | |a L-2-69 | ||
| 100 | |a Knébel, María |9 37020 | ||
| 245 | |a El Último Stanislavsky : |b análisis activo de la obra y el papel / María Knébel ; [traducción del ruso de Jorge Saura] | ||
| 260 | |a Madrid : |b Fundamentos, |c 1996 | ||
| 300 | |a 176 p. ; |c 19 cm | ||
| 490 | |a Arte (Fundamentos). Teatro ; 112 | ||
| 590 | |a A la coberta: Teatro de la Abadia, Centro Andaluz de Teatro, Institut del Teatre | ||
| 700 | |a Saura, Jorge, tr. |9 37021 | ||
| 700 | |a Centro Andaluz de Teatro |9 37022 | ||
| 700 | |a Teatro de la Abadia |9 37023 | ||
| 710 | 1 | |a Institut del Teatre (Barcelona, Catalunya) |9 52662 | |
| 901 | |a Arxiu | ||
| 942 | |n 1 | ||
| 952 | |0 0 |1 0 |4 0 |6 L269 |7 1 |9 47607 |a Arxiu |b Arxiu |d 2016-12-01 |l 0 |o L-2-69 |p 17034 |r 2016-12-01 00:00:00 |w 2016-12-01 |y ARXIU | ||
| 999 | |c 51406 |d 51406 | ||